Najpopularniejsze filmy w polskich kinach (po 1989 roku) - Statystyki

Ogólne statystyki
  • Ten quiz został rozwiązany 302 razy
  • Średni wynik to 4 z 30
Statystyki odpowiedzi
Widzowie Rok Produkcja Tytuł filmu % Poprawnych
2 200 943 1997 Polska Killer
48%
3 677 893 2009 USA Avatar
46%
3 513 480 1998 USA Titanic
46%
7 151 354 1999 Polska Ogniem i Mieczem
31%
5 184 258 2018 Polska Kler
30%
2 873 149 2016 Polska Pitbull. Niebezpieczne kobiety
30%
2 560 734 2011 Polska Listy do M.
25%
6 168 344 1999 Polska/Francja Pan Tadeusz
21%
2 314 925 2017 Polska Botoks
17%
2 761 594 2007 Polska Katyń
16%
2 960 806 2015 Polska Listy do M. 2
16%
3 009 971 2017 Polska Listy do M. 3
15%
2 722 832 1994 USA Król Lew
13%
4 300 351 2001 Polska Quo Vadis
12%
2 261 565 2014 Polska Bogowie
10%
2 995 000 2015 USA Gwiezdne Wojny: Przebudzenie mocy
7%
2 518 282 2002 Wielka Brytania/USA Harry Potter i Kamień Filozoficzny
7%
2 529 799 2002 USA Władca Pierścieni: Drużyna Pierścienia
7%
2 113 000 2004 USA Władca Pierścieni: Powrót króla
7%
2 529 122 2008 Polska Lejdis
6%
3 395 226 2004 USA Shrek 2
6%
2 227 228 2001 Polska W pustyni i w puszczy
6%
3 352 469 2007 USA Shrek 3
5%
2 784 968 1993 USA Park Jurajski
4%
3 461 047 2004 USA Pasja
4%
2 094 952 2017 USA Gwiezdne wojny: Ostatni Jedi
3%
2 103 493 2012 USA Hobbit: Niezwykła podróż
3%
2 239 317 2008 USA Madagaskar 2
2%
2 436 182 2010 USA Shrek Forever
2%
2 243 204 2014 USA Hobbit: Bitwa Pięciu Armii
1%
Nie znaleziono quizów pasujących do podanych kryteriów
Rozkład punktacji
Procent ludzi z każdym wynikiem
Percentyl według liczby udzielonych odpowiedzi
Twoja historia wyników
Nie rozwiązałeś tego quizu